Billie Eilish - Hit Me Hard and Soft (Pistes) - Statistiques

Statistiques générales
  • Ce quiz a été pris 99 fois
  • Le résultat moyen est 9 sur 11
Statistiques - réponses
Hint Réponse % Correct
5 WILDFLOWER
96%
2 LUNCH
92%
10 BLUE
91%
3 CHIHIRO
90%
1 SKINNY
90%
4 BIRDS OF A FEATHER
88%
7 L'AMOUR DE MA VIE
88%
8 THE DINER
86%
9 BITTERSUITE
85%
6 THE GREATEST
81%
Bonus L'AMOUR DE MA VIE - OVER NOW (EXTENDED VERSION)
3%
Aucun quiz correspondant
Distribution des résultats
% des personnes avec chaque résultat
Percentile par nombre de réponses
Votre historique - résultats
Vous n’avez pas pris ce quiz